<?xml version="1.0" encoding="UTF-8"?>
<record
    xmlns:xsi="http://www.w3.org/2001/XMLSchema-instance"
    xsi:schemaLocation="http://www.loc.gov/MARC21/slim http://www.loc.gov/standards/marcxml/schema/MARC21slim.xsd"
    xmlns="http://www.loc.gov/MARC21/slim">

  <leader>00700nam a22001457a 4500</leader>
  <controlfield tag="008">180825b        xxu||||| |||| 00| 0 eng d</controlfield>
  <datafield tag="020" ind1=" " ind2=" ">
    <subfield code="a">9709703587</subfield>
  </datafield>
  <datafield tag="082" ind1=" " ind2=" ">
    <subfield code="a">709.72</subfield>
    <subfield code="b">R433t</subfield>
  </datafield>
  <datafield tag="100" ind1=" " ind2=" ">
    <subfield code="a">Res&#xE9;ndiz, Andr&#xE9;s</subfield>
    <subfield code="9">6624</subfield>
  </datafield>
  <datafield tag="245" ind1=" " ind2=" ">
    <subfield code="a">El tr&#xF3;pico y el altiplano, identidad y paisaje</subfield>
  </datafield>
  <datafield tag="260" ind1=" " ind2=" ">
    <subfield code="a">M&#xE9;xico</subfield>
    <subfield code="b">Instituto Nacional de Bellas Artes y Literatura</subfield>
    <subfield code="b">Centro Nacional de las Artes </subfield>
    <subfield code="b">Centro NAcional de Investigaci&#xF3;n, Documentaci&#xF3;n e Informaci&#xF3;n de Artes Pl&#xE1;sticas (CENIDIAP)</subfield>
    <subfield code="b">Estampa Artes Gr&#xE1;ficas S.A. de C.V.</subfield>
    <subfield code="c">2012</subfield>
  </datafield>
  <datafield tag="300" ind1=" " ind2=" ">
    <subfield code="a">15 p.</subfield>
    <subfield code="c">21 cm.</subfield>
  </datafield>
  <datafield tag="440" ind1=" " ind2=" ">
    <subfield code="a">Ensayos Abevian</subfield>
    <subfield code="9">6625</subfield>
  </datafield>
  <datafield tag="650" ind1=" " ind2=" ">
    <subfield code="2">Arte contempor&#xE1;neo </subfield>
    <subfield code="x">Zarco Mateos, Francisco</subfield>
    <subfield code="y">S. XIX</subfield>
    <subfield code="z">Arte - M&#xE9;xico</subfield>
    <subfield code="z">Arte - Historia - M&#xE9;xico</subfield>
    <subfield code="9">6626</subfield>
  </datafield>
  <datafield tag="999" ind1=" " ind2=" ">
    <subfield code="c">1594</subfield>
    <subfield code="d">1594</subfield>
  </datafield>
  <datafield tag="952" ind1=" " ind2=" ">
    <subfield code="0">0</subfield>
    <subfield code="1">0</subfield>
    <subfield code="2">ddc</subfield>
    <subfield code="4">0</subfield>
    <subfield code="7">0</subfield>
    <subfield code="a">LV</subfield>
    <subfield code="b">LV</subfield>
    <subfield code="c">Pensamiento</subfield>
    <subfield code="d">2018-08-25</subfield>
    <subfield code="l">0</subfield>
    <subfield code="o">709.72 R433t</subfield>
    <subfield code="p">004652</subfield>
    <subfield code="r">2018-08-25 00:00:00</subfield>
    <subfield code="w">2018-08-25</subfield>
    <subfield code="y">01</subfield>
  </datafield>
</record>
